Sur le parasitisme de ` Trypanosoma Blanchardi ` et Hepatozoon Lusitanicus (Record no. 111434)

MARC details
000 -LEADER
campo de control de longitud fija 00774nam a2200193 4500
001 - NÚMERO DE CONTROL
campo de control 111434
003 - IDENTIFICADOR DE NÚMERO DE CONTROL
campo de control ES-MaACL
005 - FECHA Y HORA DE LA ÚLTIMA TRANSACCIÓN
campo de control 20230906185311.0
007 - CAMPO FIJO DE DESCRIPCIÓN FÍSICA--INFORMACIÓN GENERAL
campo de control de longitud fija t|
008 - DATOS DE LONGITUD FIJA--INFORMACIÓN GENERAL
campo de control de longitud fija 061121s1937 po r ||||1| fre d
100 1# - ENTRADA PRINCIPAL--NOMBRE DE PERSONA
Nombre de persona Nájera Angulo, Luis.
9 (RLIN) 84870
245 10 - MENCIÓN DEL TÍTULO
Título Sur le parasitisme de ` Trypanosoma Blanchardi ` et Hepatozoon Lusitanicus
Resto del título : dans ` Eliomys lusitanicus` en Espagne /
Mención de responsabilidad, etc. par Luis Nájera Angulo.
260 ## - PUBLICACIÓN, DISTRIBUCIÓN, ETC.
Lugar de publicación, distribución, etc. Lisboa :
Nombre del editor, distribuidor, etc. Casa Portuguesa,
Fecha de publicación, distribución, etc. 1937.
300 ## - DESCRIPCIÓN FÍSICA
Extensión 14 h. 2 lám. ;
Dimensiones 24 cm.
500 ## - NOTA GENERAL
Nota general Es tirada aparte de Comptes rendus su XIIe Congrès International de 200 logie. Lisbonne 1935. Pág. 1921-1946.
711 1# - ENTRADA AGREGADA--NOMBRE DE REUNIÓN
Nombre de congreso/reunión o jurisdicción como elemento de entrada Congrés International de 200 logie (
Sede del congreso/Lugar de la reunión Lisbonne (
Fecha del congreso o de la firma del tratado 1935) (
Número del congreso/reunión o número de parte o sección . 12e)
9 (RLIN) 216861
852 ## - LOCALIZACIÓN
Ubicación ES-MaACL
Número de control de estantería 1825-F-4
Holdings
Estatus retirado Estado de pérdida Estado de daño No para préstamo Colección Biblioteca de origen Biblioteca actual Ubicación en estantería Fecha de adquisición Fuente de adquisición Total de préstamos Signatura topográfica completa Código de barras Visto por última vez Precio de reemplazo Tipo de ítem Koha
        Colección de folletos Biblioteca del Ateneo de Madrid Biblioteca del Ateneo de Madrid Depósito folletos 17/01/2008     1825-F-4 1116254 23/02/2023 23/02/2023 Folleto